| 000 | 00709nam a2200193Ia 4500 | ||
|---|---|---|---|
| 003 | SISC | ||
| 005 | 20160808162515.0 | ||
| 008 | 160418s9999 xx 000 0 und d | ||
| 020 | _a9716420447 | ||
| 050 |
_aDS 675.8 _b.Z35 2014 |
||
| 100 | _aZaide, Gregorio F. | ||
| 245 |
_aJose Rizal : _bbuhay, mga ginawa at mga sinulat ng isang henyo, manunulat, siyentifiko, at pambansang bayani / _cGregorio F. Zaide, Sonia M. Zaide. |
||
| 260 |
_aQuezon City: _bAll-Nations Pub. Co. Inc., _c2014. |
||
| 300 |
_a545 pages : _billustrations ; _c22 cm. |
||
| 500 | _aIncludes bibliographical references and index. | ||
| 650 | _aRizal, Jose P. -- Biography. | ||
| 650 | _xRizal, Jose P., 1861-1896. | ||
| 942 |
_2lcc _cBK |
||
| 999 |
_c299973 _d299973 |
||